| 000 | 00663 a2200193 4500 | ||
|---|---|---|---|
| 020 | _a0199298939 | ||
| 020 | _a9780199298938 | ||
| 082 | _a781.2 | ||
| 090 |
_c1133 _d1133 |
||
| 100 | _aFauvel, John. | ||
| 245 | 1 | 0 |
_aMusic and mathematics : _bfrom pythagoras to fractals / _cJohn Fauvel, Raymond Flood, Robin Wilson. |
| 260 |
_a[S.l.] : _bOxford University Press, USA, _c2003. |
||
| 300 |
_a200 p. ; _c25 cm. |
||
| 700 | 1 | _aFauvel, John. | |
| 700 | 1 | _aFlood, Raymond. | |
| 700 | 1 | _aWilson, Robin. | |
| 942 |
_aSNS _cBK _k781.2 FAU |
||
| 999 |
_c29747 _d29747 |
||